|
|
|
|
| LEADER |
00000nam a2200000 a 4500 |
| 001 |
UCH5221 |
| 003 |
CL-VaPUC |
| 008 |
091008e19940000CL |||||||||||||||||spa|d |
| 020 |
|
|
|a 9562430227
|
| 082 |
0 |
4 |
|a 709.83
|b MUS
|2 21
|
| 110 |
2 |
|
|a Museo Chileno de Arte Precolombino
|e author
|9 541481
|
| 245 |
1 |
3 |
|a La Cordillera de Los Andes: ruta de encuentros
|
| 300 |
|
|
|a 96 p
|
| 942 |
|
|
|c BK
|
| 945 |
|
|
|d 20091008 00:00:00
|a rbrito
|
| 260 |
|
|
|a Santiago
|b Engrama
|c 1994
|
| 650 |
|
0 |
|a Arte precolombino chileno
|9 541482
|
| 650 |
|
7 |
|a CERAMICA PRECOLOMBINA
|2 CL-VaPUC
|9 541483
|
| 650 |
|
0 |
|a Alfarería precolombina
|9 541484
|
| 650 |
|
7 |
|a ESCULTURA PRECOLOMBINA
|2 CL-VaPUC
|9 541485
|
| 651 |
|
7 |
|a CHILE
|2 CL-VaPUC
|9 541486
|
| 583 |
|
|
|a last modification
|c 20091008 00:00:00
|k Rodrigo Vera
|
| 999 |
|
|
|c 336403
|d 336401
|
| 952 |
|
|
|0 0
|1 0
|4 0
|6 709_830000000000000_MUS_1994
|7 0
|8 X
|9 427669
|a FDOMLP
|b FDOMLP
|d 2019-11-22
|i 4605136
|o 709.83 MUS 1994
|p 4605136
|r 2019-11-22
|w 2019-11-22
|y BK_X
|k BUD
|